Normal view
MARC view
- Raja Haider Ali
Entry Personal Name
001 - CONTROL NUMBER
- control field: 106894
003 - CONTROL NUMBER IDENTIFIER
- control field: NUST
005 - DATE AND TIME OF LATEST TRANSACTION
- control field: 20230116144334.0
008 - FIXED-LENGTH DATA ELEMENTS
- fixed length control field: 230116|| aca||aabn | a|a d
040 ## - CATALOGING SOURCE
- Original cataloging agency: NUST
- Transcribing agency: NUST
100 ## - HEADING--PERSONAL NAME
- Personal name: Raja Haider Ali
670 ## - SOURCE DATA FOUND
- Source citation: Work cat.: (NUST)9432: Raja Haider Ali, Architecture of security and detection of anomalous agents for FIPA compliant multi agent systems sage, 2005.
